| 000 | 00000nam##2200000za#4500 |
| 001 | 9.568415 |
| 003 | CaOODSP |
| 005 | 20240215150447 |
| 007 | cr ||||||||||| |
| 008 | 150406|2005||||xxc|||||o f|0| 0 eng|d |
| 040 | |aCaOODSP|beng |
| 043 | |an-cn--- |
| 086 | 1 |aPS83-3/159E-PDF |
| 110 | 2 |aCorrectional Service Canada. |
| 245 | 10|aPredicting community employment for federal offenders on conditional release / |h[electronic resource]|c[by] Christa A. Gillis & D. A. Andrews. |
| 260 | |bCorrectional Service Canada |cJanuary 2005. |
| 300 | |a107p.|breferences, tables |
| 490 | 1 |aResearch report|vR-159 |
| 590 | |a10-11-Supp|b2010-11-10 |
| 720 | 1 |aAndrews, D. A. |
| 720 | 1 |aGillis, Christa A. |
| 775 | 08|tVariables prédictives de l'emploi chez les délinquants sous responsabilité fédérale mis en liberté sous condition / |w(CaOODSP)9.599704 |
| 830 | #0|aResearch report (Correctional Service Canada. Research Branch)|vR-159|w(CaOODSP)9.506063 |
| 856 | 40|ahttp://publications.gc.ca|qPDF|s310 KB|uhttps://publications.gc.ca/collections/collection_2010/scc-csc/PS83-3-159-eng.pdf|yR-159 |